| 000 | 00477nam a2200169 i 4500 | ||
|---|---|---|---|
| 001 | 109024 | ||
| 003 | ES-MaACL | ||
| 005 | 20230906184748.0 | ||
| 007 | t| | ||
| 008 | 061121s1950 sp r ||||1| spa d | ||
| 100 | 1 |
_aMirlas, León. _981594 |
|
| 245 | 1 | 0 |
_aO'Neill y el teatro contemporáneo / _cLeón Mirlas. |
| 260 |
_aBuenos Aires : _bEd. Sudamericana, _c1950. |
||
| 300 |
_a203 p. ; _c17 cm. |
||
| 600 | 0 | 4 |
_aO'Neill, Eugene. _986353 |
| 852 |
_aES-MaACL _jD-5723 _bR.31179 |
||
| 999 |
_c109024 _d109024 |
||